000 00567nam a2200241Ia 4500
003 OSt
005 20221007115746.0
006 a|||||r|||| 00| 0
007 ta
008 221006b |||||||| |||| 00| 0 eng d
024 _a38,056
037 _cTextual
040 _aLCO
_cLCO
_beng
041 _2eng
_aeng
082 _aV73:57, q7
100 _aSMARTT Ursula
_9697301
245 0 _aMeida & Entertainment Law
250 _a3rd
260 _c2017
300 _a475
942 _hV73:57, q7
_cTEXL
999 _c1207619
_d1207619